Từ láy trong tiếng Việt /
Bewaard in:
| Hoofdauteur: | |
|---|---|
| Formaat: | Boek |
| Taal: | Vietnamese |
| Gepubliceerd in: |
HCM,
KHXH
2008.
|
| Onderwerpen: | |
| Tags: |
Voeg label toe
Geen labels, Wees de eerste die dit record labelt!
|
| Thư viện lưu trữ: | Mạng thư viện Đại học Đà Nẵng |
|---|
| LEADER | 00970cam a22003011a 4500 | ||
|---|---|---|---|
| 001 | 000033181 | ||
| 003 | 9323 | ||
| 005 | 20240906175828.0 | ||
| 008 | 151016s2008 vm 000 vie | ||
| 040 | |a LNN | ||
| 041 | |a vie | ||
| 082 | |a 495.92415 |b HO-H | ||
| 100 | |a Hoàng Văn Hành | ||
| 245 | 0 | |a Từ láy trong tiếng Việt / |c Hoàng Văn Hành. | |
| 260 | |b KHXH |a HCM, |c 2008. | ||
| 300 | |a 184tr. : ; |c 20cm. | ||
| 650 | |a Từ láy trong tiếng Việt | ||
| 852 | |a Từ láy |a tiếng Việt | ||
| OWN | |a LNN | ||
| 902 | |a Tham khảo TV | ||
| AVA | |a UDN50 |b LNN |d 495.92415 HO-H |e available |t Error 5001 Not defined in file expand_doc_bib_avail. |f 4 |g 0 |h N |i 0 | ||
| 999 | |a From the UDN01 | ||
| AVA | |a UDN50 |b LNN |d 495.92415 HO-H |e available |t Error 5001 Not defined in file expand_doc_bib_avail. |f 4 |g 0 |h N |i 0 | ||
| TYP | |a Monograph | ||
| TYP | |a Printed language | ||
| 980 | |a Mạng thư viện Đại học Đà Nẵng | ||